| 000 | 00638nam a22002057a 4500 | ||
|---|---|---|---|
| 999 |
_c525522 _d525522 |
||
| 003 | NUST | ||
| 020 | _qHbk | ||
| 038 | _aArshad | ||
| 041 | _apunjabi | ||
| 082 |
_a891.4911 _bSHA |
||
| 100 |
_aDilpazeer Shad _916420 |
||
| 245 |
_aUchian shaana waly / _cDilpazeer Shad |
||
| 260 |
_aRawalpindi: _bpothohari adabi sangat, _c2006. |
||
| 300 | _a112 p. : | ||
| 650 |
_aPunjabi Literature -- Poetry _92176 |
||
| 880 |
_6100-01\r _aدلپذیر شاد |
||
| 880 |
_6245-02\r _aاچیاں شاناں والے _cدلپذیر شاد |
||
| 880 |
_6260-03\r _aراولپنڈی: _bپوٹھوہاری ادبی سنگت، _c2006۔ |
||
| 942 |
_2ddc _cBK |
||